[Event "10th Chennai Open 2018"]
[Site "Chennai IND"]
[Date "2018.01.19"]
[Round "3.4"]
[White "Sivuk, Vitaly"]
[Black "Maheswaran, P."]
[Result "1-0"]
[WhiteTitle "GM"]
[BlackTitle "FM"]
[WhiteElo "2550"]
[BlackElo "2240"]
[WhiteFideId "14116502"]
[BlackFideId "5013232"]
[EventDate "2018.01.18"]

1. Nf3 Nf6 2. g3 d5 3. Bg2 Bf5 4. O-O e6 5. c4 c6 6. cxd5 cxd5 7. Qb3 Qb6 8.
Qxb6 axb6 9. Nc3 h6 10. d3 Nc6 11. Bf4 Be7 12. a3 g5 13. Bc7 Bd8 14. Nb5 O-O 15.
Bd6 Be7 16. Rfc1 Rfe8 17. Kf1 Bg4 18. Ne5 Nxe5 19. Bxe5 Nd7 20. Bd4 Rec8 21. Nc7
Ra4 22. b4 Bf6 23. Bxf6 Nxf6 24. f4 gxf4 25. gxf4 Ne8 26. Nb5 Raa8 27. Kf2 Kf8
28. e4 Rd8 29. Ke3 dxe4 30. dxe4 Nd6 31. Nd4 Rac8 32. Bf1 f6 33. f5 Kf7 34. Nxe6
Re8 35. Kf4 1-0

[Event "10th Chennai Open 2018"]
[Site "Chennai IND"]
[Date "2018.01.19"]
[Round "3.5"]
[White "Tran, Tuan Minh"]
[Black "Ajay, Karthikeyan"]
[Result "1-0"]
[WhiteTitle "GM"]
[WhiteElo "2548"]
[BlackElo "2224"]
[WhiteFideId "12401820"]
[BlackFideId "35011685"]
[EventDate "2018.01.18"]

1. d4 Nf6 2. Bg5 g6 3. Bxf6 exf6 4. g3 Bg7 5. Bg2 d5 6. e3 c6 7. Ne2 O-O 8. O-O
Be6 9. Nd2 Nd7 10. Nf4 Rc8 11. c4 Nb6 12. cxd5 cxd5 13. a4 Re8 14. Qb3 Qd7 15.
Rfd1 Bh6 16. a5 Nc4 17. Nxe6 Nxd2 18. Nc5 Nxb3 19. Nxd7 Red8 20. Nxf6+ Kg7 21.
Ra3 Kxf6 22. Rxb3 Rc7 23. Rc3 Rxc3 24. bxc3 Ke6 25. Rb1 Rd7 26. Kf1 Bg5 27. c4
dxc4 28. Bxb7 Rc7 29. Ke2 c3 30. Be4 Be7 31. Bc2 Ba3 32. Rb8 Rc6 33. Kd3 Bd6 34.
Rb5 Ke7 35. e4 f6 36. f4 Kd8 37. e5 fxe5 38. fxe5 Be7 39. d5 Rc5 40. Rxc5 Bxc5
41. d6 Kd7 42. Kc4 Bg1 43. Kd5 1-0

[Event "10th Chennai Open 2018"]
[Site "Chennai IND"]
[Date "2018.01.19"]
[Round "3.6"]
[White "Harikrishnan, A. Ra"]
[Black "Pruijssers, Roeland"]
[Result "1/2-1/2"]
[BlackTitle "GM"]
[WhiteElo "2222"]
[BlackElo "2536"]
[WhiteFideId "5081483"]
[BlackFideId "1013068"]
[EventDate "2018.01.18"]

1. e4 d5 2. exd5 Qxd5 3. Nc3 Qa5 4. d4 Nf6 5. Bc4 Bg4 6. Ne2 e6 7. O-O Nbd7 8.
Bf4 c6 9. Qd2 Rd8 10. a3 a6 11. Ng3 Be7 12. Rfe1 h5 13. b4 Qb6 14. h3 h4 15.
Nge4 Nxe4 16. Nxe4 Bh5 17. Bd6 Nf6 18. Bxe7 Kxe7 19. Nc5 Bg6 20. c3 Rh5 21. Qf4
Nd5 22. Bxd5 cxd5 23. Re5 Rh6 24. Rae1 Rd6 25. a4 Qc6 26. a5 Kd8 27. Rg5 Kc8 28.
Rg4 Rd8 29. Rxh4 Rxh4 30. Qxh4 Qd6 31. Qg5 Re8 32. Qe5 Qxe5 33. Rxe5 Kc7 34. Re1
Kc6 35. f4 Rh8 36. Kf2 Bc2 37. Ke3 Rh4 38. Rc1 Bg6 39. Rf1 Rh8 40. Kd2 Rh4 41.
Ke3 Rh8 42. Rf2 Bf5 43. Kf3 Bg6 44. Rf1 Rh4 45. Re1 Bf5 46. Rh1 Bc2 47. g4 Rh8
48. Kg3 Rb8 49. Rc1 Bh7 50. Kf3 Kb5 51. Ke3 Kc4 52. Nd7 Re8 53. Ne5+ Kb3 54.
Nxf7 Kb2 55. Kd2 Rf8 56. Ng5 Rxf4 57. Re1 Bc2 58. Nxe6 Rf2+ 59. Re2 Rf1 60. Re3
Bb3 61. Nc5 Bc4 62. Nd3+ Kb3 63. Nc5+ Kb2 64. Nd3+ Kb3 65. Re7 Rh1 66. Nc5+ Kb2
67. Na4+ Kb3 68. Nc5+ Kb2 69. Rxg7 Rxh3 70. Rxb7 Rh2+ 71. Ke3 Kxc3 72. Na4+ Kb3
73. Nc5+ Kc3 74. g5 Rg2 75. Kf4 Kxd4 76. Rb6 Kc3 77. g6 d4 78. Nxa6 Bd3 79. Nc5
Bxg6 80. a6 Bf7 81. a7 Ra2 82. Na6 Bd5 83. Rd6 Bg2 84. b5 d3 85. Rd8 Ra4+ 86.
Kg3 Bb7 87. Nc5 Rxa7 88. b6 Ra8 89. Rxa8 Bxa8 90. Nxd3 1/2-1/2

[Event "10th Chennai Open 2018"]
[Site "Chennai IND"]
[Date "2018.01.19"]
[Round "3.7"]
[White "Horvath, Adam1"]
[Black "Masango, Spencer"]
[Result "1-0"]
[WhiteTitle "GM"]
[WhiteElo "2484"]
[BlackElo "2215"]
[WhiteFideId "708003"]
[BlackFideId "14300753"]
[EventDate "2018.01.18"]

1. e4 e5 2. Nf3 Nc6 3. Bb5 Nf6 4. d3 Bc5 5. c3 O-O 6. Qe2 Re8 7. O-O a6 8. Ba4
h6 9. h3 b5 10. Bb3 d6 11. Re1 Bb6 12. Nbd2 Be6 13. Nf1 Ne7 14. Bxe6 fxe6 15.
Be3 Bxe3 16. Nxe3 Ng6 17. g3 Rb8 18. Nh2 d5 19. Neg4 c5 20. Nxf6+ Qxf6 21. h4
Qd8 22. Qh5 Kh7 23. Nf3 Qf6 24. Re3 Kg8 25. Nh2 Nh8 26. Ng4 Qg6 27. Qxg6 Nxg6
28. h5 d4 29. Ree1 Nh8 30. Nxe5 dxc3 31. bxc3 Nf7 32. Nxf7 Kxf7 33. Kf1 Red8 34.
Ke2 b4 35. Rec1 Rb7 36. cxb4 cxb4 37. Rc5 Ra8 38. Rac1 Raa7 39. Ra5 Rb6 40. Ke3
Rd7 41. Rb1 Rdb7 42. g4 Rc6 43. Rb3 Rcb6 44. f4 g6 45. hxg6+ Kxg6 46. a3 bxa3
47. Rbxa3 Ra7 48. Ra1 Ra8 49. Rh5 Rd8 50. Rah1 Rh8 51. g5 Rb5 52. Rxh6+ Rxh6 53.
Rxh6+ Kf7 54. Rh7+ Kf8 55. Ra7 a5 56. g6 Rh5 57. Ra6 Ke7 58. g7 Kf7 59. Rxe6
Kxg7 60. Ra6 1-0

[Event "10th Chennai Open 2018"]
[Site "Chennai IND"]
[Date "2018.01.19"]
[Round "3.8"]
[White "Murali, Krishnan B T"]
[Black "Karthik, Venkataraman"]
[Result "0-1"]
[WhiteTitle "IM"]
[BlackTitle "FM"]
[WhiteElo "2221"]
[BlackElo "2476"]
[WhiteFideId "5004977"]
[BlackFideId "25006479"]
[EventDate "2018.01.18"]

1. d4 Nf6 2. c4 e6 3. Nf3 Bb4+ 4. Nbd2 O-O 5. a3 Be7 6. e4 d6 7. Bd3 Nbd7 8. O-O
e5 9. Re1 c6 10. b3 Re8 11. Bb2 Bf8 12. Qc2 Nh5 13. Bf1 g6 14. Rad1 b6 15. b4
Qe7 16. c5 dxc5 17. dxe5 b5 18. Nb3 cxb4 19. Qxc6 Rb8 20. Bxb5 bxa3 21. Bc3 Ng7
22. Re3 a6 23. Bc4 Nb6 24. Na5 Be6 25. Bxa6 Qa7 26. Bb7 Re7 27. Bb4 Rexb7 28.
Bxf8 Rc7 29. Rxa3 Rxf8 30. Qb5 Rfc8 31. h3 Nd7 0-1

[Event "10th Chennai Open 2018"]
[Site "Chennai IND"]
[Date "2018.01.19"]
[Round "3.9"]
[White "Deepan, Chakkravarthy J."]
[Black "Bhambure, Shantanu"]
[Result "1-0"]
[WhiteTitle "GM"]
[WhiteElo "2475"]
[BlackElo "2173"]
[WhiteFideId "5011132"]
[BlackFideId "5025931"]
[EventDate "2018.01.18"]

1. c4 e5 2. Nc3 Bb4 3. g3 Bxc3 4. bxc3 d6 5. Bg2 f5 6. d3 Nf6 7. h4 O-O 8. Nf3
Nc6 9. h5 h6 10. Nh4 Ne7 11. Rb1 Qe8 12. c5 d5 13. d4 exd4 14. Qxd4 Nxh5 15. c4
dxc4 16. Qxc4+ Kh8 17. Rb3 f4 18. Qe4 Kg8 19. gxf4 Nf6 20. Qc4+ Qf7 21. Qxf7+
Rxf7 22. Bxb7 Bxb7 23. Rxb7 Nc6 24. Rg1 Kh7 25. f3 Re8 26. Kf2 a6 27. Rd1 Nh5
28. Ng2 g5 29. fxg5 hxg5 30. Bxg5 Rg8 31. Rd5 Ng7 32. Nf4 Re8 33. Rb1 Rf5 34. e4
Rxd5 35. Nxd5 Rc8 36. Bf6 Ne6 37. f4 1-0

[Event "10th Chennai Open 2018"]
[Site "Chennai IND"]
[Date "2018.01.19"]
[Round "3.10"]
[White "Mithil, Ajgaonkar"]
[Black "Khusenkhojaev, Muhammad"]
[Result "1/2-1/2"]
[BlackTitle "IM"]
[WhiteElo "2219"]
[BlackElo "2462"]
[WhiteFideId "5017343"]
[BlackFideId "14700247"]
[EventDate "2018.01.18"]

1. d4 Nf6 2. c4 g6 3. Nf3 Bg7 4. g3 b6 5. Bg2 Bb7 6. Nc3 Ne4 7. Nxe4 Bxe4 8. O-O
O-O 9. d5 e6 10. Ne1 Bxg2 11. Kxg2 d6 12. Nd3 exd5 13. cxd5 Nd7 14. Qc2 Nc5 15.
Rb1 a5 16. Be3 Qe7 17. Nxc5 bxc5 18. a4 Rfe8 19. b3 Qe4+ 20. Qxe4 Rxe4 21. Rfd1
Kf8 22. Kf3 Rb4 23. Bd2 Rb7 24. Ke4 Rab8 25. Kd3 Rxb3+ 26. Rxb3 Rxb3+ 27. Kc4
Ra3 28. Bxa5 Ke7 29. Kb5 Kd7 30. Rd3 Ra2 31. Rf3 Rb2+ 32. Kc4 f6 33. Rb3 Rxb3
34. Kxb3 f5 35. Kc4 Kc8 36. f3 Kb7 37. Kb5 Be5 38. Be1 h5 39. h3 Bb2 40. g4 hxg4
41. fxg4 fxg4 42. hxg4 Be5 43. Bh4 Ka7 44. e4 Kb7 45. Be7 Ka7 46. g5 Kb7 47. Bf6
Bf4 48. a5 Ka7 49. a6 c4 50. Bd4+ Kb8 51. Kxc4 Bxg5 52. Kb5 Bf4 53. Kc6 g5 54.
a7+ Ka8 55. Kxc7 g4 56. Kd7 g3 57. Ke6 Be5 58. Be3 Kb7 59. Kf5 Ka8 60. Kg4 Kb7
61. Kf3 Ka8 62. Bd2 Kxa7 63. Be1 g2 64. Kxg2 Bg7 65. Kf3 Kb6 66. Bg3 Kc7 67. Kg4
Kd7 68. Kf5 Bc3 1/2-1/2

[Event "10th Chennai Open 2018"]
[Site "Chennai IND"]
[Date "2018.01.19"]
[Round "3.11"]
[White "Czebe, Attila"]
[Black "Phoobalan, P."]
[Result "1/2-1/2"]
[WhiteTitle "GM"]
[WhiteElo "2458"]
[BlackElo "2158"]
[WhiteFideId "705268"]
[BlackFideId "5011191"]
[EventDate "2018.01.18"]

1. e4 e5 2. Nf3 Nc6 3. Nc3 Nf6 4. h3 Bb4 5. Bd3 O-O 6. O-O h6 7. a3 Bxc3 8. dxc3
d5 9. exd5 Qxd5 10. c4 Qd6 11. Be2 Qe7 12. Be3 a5 13. Re1 Rd8 14. Qc1 Be6 15. b3
Nd7 16. Qb2 f5 17. Rad1 Qf7 18. Qc3 e4 19. Nh2 a4 20. Bf4 axb3 21. cxb3 Rxa3 22.
Bxc7 Rc8 23. Bd6 Ra2 24. f3 Nf6 25. Nf1 Qg6 26. f4 Rca8 27. Ne3 Nh5 28. Bxh5
Qxh5 29. Rd2 Qh4 30. Red1 Qg3 31. Nd5 Qxc3 32. Nxc3 Rxd2 33. Rxd2 Ra1+ 34. Kf2
Rc1 35. Na4 Rb1 36. Nc5 Kf7 37. Bc7 Bc8 38. g4 g6 39. h4 Rh1 40. gxf5 gxf5 41.
Kg3 Rg1+ 42. Kh2 Rg8 43. h5 e3 44. Re2 Re8 45. Be5 Nxe5 46. fxe5 Rxe5 47. Nd3
Re4 48. Kg3 b6 49. Kf3 Bb7 50. Rxe3 Rxc4+ 51. Kf2 Rc2+ 52. Kg3 Kf6 53. Kf4 Rg2
54. Re8 Rg4+ 55. Ke3 Re4+ 56. Rxe4 Bxe4 57. Nf4 Kg5 58. b4 Kg4 59. b5 Kg5 60.
Ne6+ Kf6 61. Nf8 Ke7 62. Ng6+ Ke6 63. Kd4 Kd6 64. Ne5 Bd5 65. Nd7 Bf3 66. Nxb6
Bxh5 67. Nc4+ Ke6 68. b6 Bf3 69. Ke3 Bd5 70. Kf4 Be4 71. Ne3 Kd6 72. Nxf5+ Bxf5
73. Kxf5 Kc6 74. Kg6 Kxb6 1/2-1/2

[Event "10th Chennai Open 2018"]
[Site "Chennai IND"]
[Date "2018.01.19"]
[Round "3.12"]
[White "Tiwari, Arjun"]
[Black "Visakh, N R"]
[Result "1/2-1/2"]
[BlackTitle "IM"]
[WhiteElo "2179"]
[BlackElo "2457"]
[WhiteFideId "5011337"]
[BlackFideId "25012223"]
[EventDate "2018.01.18"]

1. e4 c5 2. Nc3 e6 3. f4 Nc6 4. Nf3 d5 5. Bb5 Ne7 6. exd5 exd5 7. Qe2 g6 8. Ne5
Be6 9. Bxc6+ Nxc6 10. Nxc6 bxc6 11. O-O Bg7 12. f5 gxf5 13. d3 Qb6 14. Bf4 Rg8
15. Rab1 Qa6 16. Be5 O-O-O 17. b4 c4 18. b5 Qb6+ 19. d4 Bxe5 20. Qxe5 Qc7 21.
bxc6 Qxe5 22. dxe5 Kc7 23. Nb5+ Kxc6 24. Nxa7+ Kc7 25. Nb5+ Kd7 26. Nd4 Rb8 27.
c3 Rxb1 28. Rxb1 Ra8 29. Rb7+ Kc8 30. Rb2 Bd7 31. Kf2 Ra6 32. Ke3 Rg6 33. h3 Ra6
34. Ne2 Kc7 35. Kd4 Be6 36. Nf4 Kc6 37. Nh5 Ra8 38. Nf4 Ra5 39. Ne2 Kc7 40. Ng3
Ra8 41. Rf2 Kc6 42. Nxf5 Bxf5 43. Rxf5 Rxa2 44. Rf6+ Kb5 45. Kxd5 Rxg2 46. Rxf7
Rd2+ 47. Ke4 Re2+ 48. Kd5 Rd2+ 49. Ke6 Rd3 50. Rb7+ Kc6 51. Rxh7 Rxc3 52. Rh8
Kc7 53. Rh4 Kc6 54. Rf4 Kc5 55. h4 Rh3 56. Kf5 c3 57. Kg4 c2 58. Rf1 Rc3 59. Rc1
Kd5 60. Kf4 Rh3 1/2-1/2

[Event "10th Chennai Open 2018"]
[Site "Chennai IND"]
[Date "2018.01.19"]
[Round "3.13"]
[White "Dzhumaev, Marat"]
[Black "Kushagra, Mohan"]
[Result "1/2-1/2"]
[WhiteTitle "GM"]
[BlackTitle "CM"]
[WhiteElo "2434"]
[BlackElo "2150"]
[WhiteFideId "14200236"]
[BlackFideId "25033638"]
[EventDate "2018.01.18"]

1. d4 Nf6 2. Nf3 g6 3. Bf4 Bg7 4. e3 O-O 5. Nbd2 d6 6. h3 c5 7. c3 Nc6 8. Be2
cxd4 9. exd4 Re8 10. Bh2 e5 11. dxe5 dxe5 12. Nc4 Nd5 13. O-O e4 14. Nd4 Nxd4
15. cxd4 e3 16. fxe3 Nxe3 17. Nxe3 Bxd4 18. Kh1 Bxe3 19. Qb3 Bf5 20. Bc4 Qf6 21.
Qxb7 Qe7 22. Qb3 Be6 23. Rae1 Bxc4 24. Qxc4 Qb7 25. Rf3 Bh6 26. Ref1 Re7 27. Bd6
Rd7 28. Be5 Re8 29. Bc3 Re4 30. Qc5 f5 31. Qf2 Qd5 32. a3 Bf8 33. Qg3 Bd6 34.
Qg5 Be7 35. Bf6 Bxf6 36. Qxf6 Qe5 37. Qxe5 Rxe5 1/2-1/2

[Event "10th Chennai Open 2018"]
[Site "Chennai IND"]
[Date "2018.01.19"]
[Round "3.14"]
[White "Shelke, Sankarsha"]
[Black "Laxman, R.R."]
[Result "0-1"]
[BlackTitle "GM"]
[WhiteElo "2148"]
[BlackElo "2434"]
[WhiteFideId "25071580"]
[BlackFideId "5005361"]
[EventDate "2018.01.18"]

1. e4 e5 2. Nf3 Nc6 3. Bb5 a6 4. Ba4 Nf6 5. O-O Be7 6. Re1 b5 7. Bb3 O-O 8. c3
d6 9. h3 Nb8 10. d4 Nbd7 11. Nbd2 Bb7 12. Bc2 Re8 13. Nf1 Bf8 14. Ng3 g6 15. a4
c6 16. b4 Qc7 17. a5 exd4 18. cxd4 c5 19. bxc5 dxc5 20. d5 c4 21. Bd2 Bc5 22.
Nf1 b4 23. Ra4 c3 24. Bg5 Bd6 25. Qd4 Nh5 26. Ne3 f6 27. Bh6 Ne5 28. Nxe5 fxe5
29. Qd1 Bc8 30. Nf5 Bd7 31. Nxd6 Qxd6 32. Ra1 Nf4 33. Bxf4 exf4 34. Qd4 Re5 35.
f3 Rb8 36. Rab1 g5 37. Bb3 h5 38. Qf2 Kg7 39. Ra1 Bb5 40. h4 gxh4 41. Qxh4 Qf6
42. Qxf6+ Kxf6 43. Kf2 Ke7 44. Rh1 Kd6 45. g3 fxg3+ 46. Ke3 Rbe8 47. Kd4 Be2 48.
Bd1 Bxd1 49. Raxd1 Rf8 50. Rb1 g2 51. Rhg1 Rg5 52. Rxb4 Rxf3 53. e5+ Kc7 54. d6+
Kc8 55. Kd5 Rd3+ 56. Ke6 Rg6+ 57. Ke7 Rg7+ 58. Ke8 Rg4 59. Rxg4 hxg4 60. Rxg2
Rd5 61. d7+ Rxd7 62. Rxg4 c2 63. e6 Rc7 64. Rg5 0-1

[Event "10th Chennai Open 2018"]
[Site "Chennai IND"]
[Date "2018.01.19"]
[Round "3.15"]
[White "Nitin, S."]
[Black "Hari, Madhavan N B"]
[Result "1/2-1/2"]
[WhiteTitle "IM"]
[WhiteElo "2422"]
[BlackElo "2112"]
[WhiteFideId "5018277"]
[BlackFideId "25054309"]
[EventDate "2018.01.18"]

1. e4 e6 2. Qe2 c5 3. g3 Nc6 4. Nf3 g6 5. Bg2 Bg7 6. h4 Nf6 7. c3 O-O 8. d3 d6
9. Nbd2 Qc7 10. Nf1 b5 11. N1h2 b4 12. c4 Bb7 13. Bf4 a5 14. g4 Nd7 15. h5 Nde5
16. g5 a4 17. Rb1 b3 18. a3 Rad8 19. Bxe5 dxe5 20. Ng4 Qe7 21. Qe3 Rd7 22. Bf1
Nd4 23. Nxd4 exd4 24. Qd2 f5 25. gxf6 Bxf6 26. hxg6 hxg6 27. f4 Bh4+ 28. Kd1 Bg3
29. Ne5 Bxf4 30. Nxg6 Bxd2 31. Nxe7+ Rxe7 32. Kxd2 Rf2+ 33. Be2 Rg7 34. Rh5 Rg3
35. Rf1 Rfg2 36. Rf4 Rg5 37. Rh6 Rg6 38. Rh5 R2g5 39. Rfh4 Rxh5 40. Rxh5 Rg1 41.
Bd1 Rg2+ 42. Kc1 Rg3 43. Kd2 Rg2+ 44. Be2 Rg1 45. Bd1 Rg2+ 46. Be2 1/2-1/2

[Event "10th Chennai Open 2018"]
[Site "Chennai IND"]
[Date "2018.01.19"]
[Round "3.16"]
[White "Joshi, Govind Ballabh"]
[Black "Llaneza Vega, Marcos"]
[Result "0-1"]
[BlackTitle "IM"]
[WhiteElo "2146"]
[BlackElo "2421"]
[WhiteFideId "5000262"]
[BlackFideId "2253585"]
[EventDate "2018.01.18"]

1. e4 c5 2. Nf3 d6 3. Bb5+ Nd7 4. d4 Nf6 5. Nc3 cxd4 6. Qxd4 e5 7. Qd3 Be7 8.
Bg5 O-O 9. Bxf6 Nxf6 10. Bc4 Bg4 11. Nd2 Qd7 12. Nf1 Bd8 13. Nd5 Nxd5 14. Bxd5
Bb6 15. Ne3 Be6 16. O-O-O Rac8 17. Rd2 Bxe3 18. Qxe3 Bxd5 19. exd5 Rc4 20. Kb1
b5 21. Rc1 Rfc8 22. f3 b4 23. g3 h6 24. h4 a5 25. h5 a4 26. g4 Qe7 27. Rf1 Qf6
28. Rff2 a3 29. Rd3 axb2 30. Qb6 R8c5 31. Rfd2 e4 32. fxe4 Rxe4 0-1

[Event "10th Chennai Open 2018"]
[Site "Chennai IND"]
[Date "2018.01.19"]
[Round "3.17"]
[White "Dixit, Nikhil"]
[Black "Raghunandan, Kaumandur Srihari"]
[Result "1-0"]
[BlackTitle "IM"]
[WhiteElo "2139"]
[BlackElo "2402"]
[WhiteFideId "5059534"]
[BlackFideId "25004964"]
[EventDate "2018.01.18"]

1. e4 g6 2. d4 Bg7 3. Nc3 d6 4. g3 b6 5. Bg2 Bb7 6. Nge2 Nd7 7. O-O e5 8. dxe5
dxe5 9. a4 Ngf6 10. a5 Ba6 11. Nd5 O-O 12. Nb4 Bb7 13. Nc3 bxa5 14. Nbd5 Nxd5
15. exd5 f5 16. Rxa5 e4 17. Be3 c6 18. Qa1 cxd5 19. Nxd5 Nf6 20. Nxf6+ Qxf6 21.
c3 a6 22. Qa2+ Kh8 23. Ra1 Rfd8 24. Bf1 Rd6 25. Qb3 Bc8 26. Bc5 Rc6 27. Bc4 Be6
28. Rxa6 Raxa6 29. Rxa6 Rxa6 30. Qb8+ Bf8 31. Bxa6 Kg8 32. b4 f4 33. Bxf8 Qxf8
34. Qxf8+ Kxf8 35. gxf4 Ke7 36. Bb7 Bf5 37. Kf1 Kd6 38. Ke2 Kc7 39. Ba8 Kb6 40.
Ke3 Kb5 41. Bxe4 Be6 42. Kd4 1-0

[Event "10th Chennai Open 2018"]
[Site "Chennai IND"]
[Date "2018.01.19"]
[Round "3.18"]
[White "Rathnakaran, K."]
[Black "Hegde, Ravi Gopal"]
[Result "1/2-1/2"]
[WhiteTitle "IM"]
[BlackTitle "IM"]
[WhiteElo "2372"]
[BlackElo "2105"]
[WhiteFideId "5005507"]
[BlackFideId "5000254"]
[EventDate "2018.01.18"]

1. e4 c6 2. Nc3 d5 3. Nf3 Bg4 4. h3 Bxf3 5. Qxf3 Nf6 6. d3 e6 7. Bd2 Nbd7 8. g4
Be7 9. g5 Ng8 10. h4 Bb4 11. a3 Bd6 12. Bh3 Ne7 13. h5 Qc7 14. O-O-O Rf8 15. d4
dxe4 16. Nxe4 O-O-O 17. Nxd6+ Qxd6 18. Bb4 c5 19. Ba5 Nb6 20. Bg2 Nc6 21. Bxb6
axb6 22. d5 exd5 23. Rxd5 Qxd5 24. Qxd5 Rxd5 25. Bxd5 f6 26. g6 h6 27. Re1 Rd8
28. c4 Kc7 29. f4 Rd7 30. Re8 Rd8 31. Re4 Rd7 32. Kc2 Kd8 33. Bxc6 bxc6 34. Re6
Kc7 35. Kc3 Rd4 36. Re7+ Rd7 37. Re1 Kd8 38. Re6 Rc7 39. b4 Kd7 40. f5 cxb4+ 41.
axb4 Rc8 42. Re1 Ra8 43. Kb3 Ra7 44. b5 cxb5 45. cxb5 Kd6 46. Kb4 Re7 47. Rxe7
Kxe7 48. Kc4 1/2-1/2

[Event "10th Chennai Open 2018"]
[Site "Chennai IND"]
[Date "2018.01.19"]
[Round "3.19"]
[White "Sangma, Rahul"]
[Black "Manish Anto, Cristiano F"]
[Result "1-0"]
[WhiteTitle "IM"]
[WhiteElo "2332"]
[BlackElo "2012"]
[WhiteFideId "5013615"]
[BlackFideId "25095927"]
[EventDate "2018.01.18"]

1. e4 c5 2. Nf3 d6 3. d4 cxd4 4. Qxd4 Nc6 5. Bb5 Bd7 6. Bxc6 Bxc6 7. c4 Nf6 8.
Nc3 e6 9. Bg5 Be7 10. O-O O-O 11. Rfe1 Qc7 12. Rac1 a6 13. Nd5 Bxd5 14. cxd5 Qd7
15. dxe6 Qxe6 16. Rc7 h6 17. Bh4 Rfc8 18. Rxb7 g5 19. Bg3 Rc4 20. Rxe7 Qxe7 21.
Qxc4 Re8 22. h3 Qb7 23. e5 dxe5 24. Bxe5 Nd7 25. Bc3 Rxe1+ 26. Nxe1 Nb6 27. Qd4 1-0

[Event "10th Chennai Open 2018"]
[Site "Chennai IND"]
[Date "2018.01.19"]
[Round "3.20"]
[White "Michelle Catherina, P"]
[Black "Hafiz, Arif Abdul"]
[Result "0-1"]
[WhiteTitle "WIM"]
[BlackTitle "FM"]
[WhiteElo "2104"]
[BlackElo "2324"]
[WhiteFideId "5005736"]
[BlackFideId "7104227"]
[EventDate "2018.01.18"]

1. c4 e5 2. Nc3 Nc6 3. g3 Bb4 4. Bg2 f5 5. e3 Bxc3 6. bxc3 Nf6 7. d4 e4 8. Ne2
b6 9. Ba3 d6 10. O-O O-O 11. c5 Ba6 12. Re1 Rf7 13. Qa4 Na5 14. Bb4 Bxe2 15.
Rxe2 Nc4 16. Qa6 d5 17. Bf1 Qc8 18. Qxc8+ Rxc8 19. a4 a5 20. Ba3 Nxa3 21. Rxa3
bxc5 22. dxc5 Rb8 23. c4 Rb1 24. Kg2 c6 25. Rc2 Rd7 26. cxd5 Nxd5 27. Bc4 Kf8
28. Bxd5 Rxd5 29. g4 fxg4 30. Rc4 h5 31. Rxe4 Rdd1 32. Rf4+ Ke7 33. f3 Rd2+ 34.
Kg3 Rg1+ 35. Kh4 Rxh2+ 36. Kg5 gxf3+ 37. Kf5 f2 38. Ra2 f1=Q 39. Rxh2 g6+ 0-1

[Event "10th Chennai Open 2018"]
[Site "Chennai IND"]
[Date "2018.01.20"]
[Round "4.1"]
[White "Gareyev, Timur"]
[Black "Sangma, Rahul"]
[Result "1-0"]
[WhiteTitle "GM"]
[BlackTitle "IM"]
[WhiteElo "2605"]
[BlackElo "2332"]
[WhiteFideId "14200937"]
[BlackFideId "5013615"]
[EventDate "2018.01.18"]

1. d4 Nf6 2. c4 e6 3. Nf3 Bb4+ 4. Nc3 d5 5. Bg5 h6 6. Bh4 c5 7. e3 Qa5 8. Bxf6
Bxc3+ 9. bxc3 Qxc3+ 10. Nd2 gxf6 11. cxd5 exd5 12. Rc1 Qa3 13. Rxc5 Na6 14. Rxd5
Be6 15. Rb5 Rc8 16. Rb1 Bxa2 17. Bb5+ Kf8 18. Ra1 Nb4 19. O-O Qb2 20. Ne4 Rg8
21. Nxf6 Rg6 22. Nd7+ Kg8 23. Ne5 Rg7 24. Ng4 Nc2 25. Qe2 Qb3 26. Rac1 Qe6 27.
Bd7 Qc4 28. Nf6+ Kf8 29. Qh5 Rg6 30. Qe5 Rc6 31. Qe8+ Kg7 32. Nh5+ Kh7 33. Nf4
Bb3 34. Nxg6 Rxg6 35. Bf5 Qd5 36. e4 Qxd4 1-0

[Event "10th Chennai Open 2018"]
[Site "Chennai IND"]
[Date "2018.01.20"]
[Round "4.2"]
[White "Tiviakov, Sergei"]
[Black "Saravana, Krishnan P."]
[Result "1/2-1/2"]
[WhiteTitle "GM"]
[WhiteElo "2584"]
[BlackElo "2323"]
[WhiteFideId "1008013"]
[BlackFideId "5018382"]
[EventDate "2018.01.18"]

1. e4 c6 2. d4 d5 3. Nd2 dxe4 4. Nxe4 Bf5 5. Ng3 Bg6 6. Nh3 Nf6 7. c3 e6 8. Nf4
Bd6 9. Qf3 Nbd7 10. Bc4 Qc7 11. O-O O-O-O 12. Re1 e5 13. Nxg6 fxg6 14. Be3 exd4
15. Bxd4 Kb8 16. Be6 Rhf8 17. Bxd7 Rxd7 18. Rad1 Nd5 19. Qg4 Re7 20. Qg5 Nf6 21.
Rxe7 Qxe7 22. Nf1 Re8 23. Rd3 Nd5 24. Qxe7 Rxe7 25. g3 Be5 26. Bc5 Rd7 27. f4
Bf6 28. Nd2 b6 29. Be3 Re7 30. Kf2 g5 31. fxg5 Nxe3 32. gxf6 Ng4+ 33. Kf3 Nxf6
34. Nc4 Kc7 35. Ne3 Nd7 36. Rd4 Ne5+ 37. Ke2 Rd7 38. Rh4 g6 39. Ng4 g5 40. Nxe5
gxh4 41. Nxd7 hxg3 42. hxg3 Kxd7 43. Ke3 Ke6 44. Ke4 Kf6 45. Kf4 h5 46. g4 h4
47. g5+ Kg6 48. Kg4 h3 49. Kxh3 Kxg5 50. Kg3 a5 51. Kf3 Kf5 52. Ke3 Ke5 53. Kd3
b5 54. Ke3 Kd5 55. Kd3 Ke5 56. b4 axb4 57. cxb4 Kd5 58. Kc3 Ke4 59. Kb3 Kd3 60.
a4 1/2-1/2

[Event "10th Chennai Open 2018"]
[Site "Chennai IND"]
[Date "2018.01.20"]
[Round "4.3"]
[White "Tukhaev, Adam"]
[Black "Muthaiah, AL"]
[Result "1-0"]
[WhiteTitle "GM"]
[WhiteElo "2570"]
[BlackElo "2291"]
[WhiteFideId "14109476"]
[BlackFideId "5092442"]
[EventDate "2018.01.18"]

1. e4 c5 2. Nf3 e6 3. d4 cxd4 4. Nxd4 a6 5. Nc3 Qc7 6. Bd3 Nf6 7. O-O Bc5 8. Nb3
Be7 9. f4 d6 10. Be3 Nbd7 11. a4 b6 12. Qf3 Bb7 13. Qh3 Nc5 14. Nd2 O-O 15. Rac1
d5 16. e5 Nfe4 17. Ne2 g6 18. b3 Nxd2 19. Bxd2 Rac8 20. Be3 a5 21. Nd4 Nxd3 22.
cxd3 Qd7 23. Rcd1 Ba6 24. Rf3 Rc3 25. f5 exf5 26. Nxf5 Bc8 27. e6 Qxe6 28. Bd4
Qxf5 29. Qh6 1-0

[Event "10th Chennai Open 2018"]
[Site "Chennai IND"]
[Date "2018.01.20"]
[Round "4.4"]
[White "Laxman, R.R."]
[Black "Sivuk, Vitaly"]
[Result "1-0"]
[WhiteTitle "GM"]
[BlackTitle "GM"]
[WhiteElo "2434"]
[BlackElo "2550"]
[WhiteFideId "5005361"]
[BlackFideId "14116502"]
[EventDate "2018.01.18"]

1. d4 d6 2. e4 g6 3. Nc3 Bg7 4. Nf3 Nf6 5. Be2 O-O 6. O-O a6 7. h3 b5 8. e5 Nfd7
9. a4 b4 10. Nd5 Nc6 11. exd6 cxd6 12. Bg5 Re8 13. a5 h6 14. Bh4 Bb7 15. Re1 g5
16. Bg3 e6 17. Ne3 d5 18. Bd6 Nf6 19. Bc5 Nd7 20. Bd6 f5 21. g4 Nf6 22. Bc5 Ne4
23. Bb6 Qd7 24. Rc1 Rf8 25. c4 bxc3 26. bxc3 fxg4 27. hxg4 Rf4 28. Ng2 Raf8 29.
Nxf4 Rxf4 30. Ne5 Nxe5 31. dxe5 Bxe5 32. Qd3 Qf7 33. f3 Nd6 34. Qe3 Bg7 35. Bd4
Nc4 36. Bxc4 dxc4 37. Qxe6 Bxf3 38. Qxf7+ Kxf7 39. Bxg7 Kxg7 40. Re6 Rxg4+ 41.
Kf2 Bd5 42. Rxa6 Rf4+ 43. Ke3 h5 44. Rd6 Ba8 45. a6 Rf3+ 46. Ke2 Rf7 47. Rf1
Re7+ 48. Kd2 g4 49. Rf5 Bf3 50. Rxh5 Re2+ 51. Kc1 Ra2 52. Rc5 Kf7 53. Rc7+ Ke8
54. Rh6 Kd8 55. Rg7 Re2 56. Rh8+ Re8 57. Rxe8+ Kxe8 58. a7 1-0